00240nam a2200097Ia 4500008004100000100001200041245004600053260002200099260000900121546001200130170619s9999 xx 000 0 und d aBasu- K 0aComputational Optimization & Applications bNarora Pub. House c2012 aENGLISH